Statistics for Countries of South West Asia

Click here to take the quiz!

General Stats

  • This quiz has been taken 119 times
    (110 since last reset)
  • The average score is 15 of 18

Answer Stats

Country% Correct
Yemen
92%
Iran
90%
Iraq
90%
Oman
90%
Saudi Arabia
89%
Israel
87%
Jordan
85%
Qatar
85%
Syria
84%
Kuwait
82%
Turkey
80%
United Arab Emirates
80%
Bahrain
76%
Armenia
74%
Georgia
74%
Lebanon
74%
Cyprus
72%
Azerbaijan
69%

Score Distribution

Percentile by Number Answered

Percent of People with Each Score

Your Score History

You have not taken this quiz since the last reset